Right to equality in the Indian constitution a Gandhian perspective. (Record no. 105218)
[ view plain ]
| 000 -LEADER | |
|---|---|
| fixed length control field | 00468nam a2200157Ia 4500 |
| 008 - FIXED-LENGTH DATA ELEMENTS--GENERAL INFORMATION | |
| fixed length control field | 210210b2002 xxu||||| |||| 00| 0 eng d |
| 020 ## - INTERNATIONAL STANDARD BOOK NUMBER | |
| International Standard Book Number | 81 7022 951 0 |
| 082 ## - DEWEY DECIMAL CLASSIFICATION NUMBER | |
| Classification number | 321.80954 SARR |
| 100 ## - MAIN ENTRY--PERSONAL NAME | |
| Personal name | SARASWATI (Shashi Nath). |
| 245 ## - TITLE STATEMENT | |
| Title | Right to equality in the Indian constitution a Gandhian perspective. |
| 260 ## - PUBLICATION, DISTRIBUTION, ETC. | |
| Place of publication, distribution, etc. | New Delhi. |
| Name of publisher, distributor, etc. | Concept Publishing Company. |
| Date of publication, distribution, etc. | 2002 |
| 300 ## - PHYSICAL DESCRIPTION | |
| Extent | xii,398 |
| 650 ## - SUBJECT ADDED ENTRY--TOPICAL TERM | |
| Topical term or geographic name entry element | Equality<br/><br/> |
| 690 ## - LOCAL SUBJECT ADDED ENTRY--TOPICAL TERM (OCLC, RLIN) | |
| Topical term or geographic name as entry element | Indian Constitution |
| 906 ## - LOCAL DATA ELEMENT F, LDF (RLIN) | |
| a | 057676 |
| Withdrawn status | Lost status | Damaged status | Not for loan | Collection code | Home library | Current library | Shelving location | Date acquired | Source of acquisition | Cost, normal purchase price | Total Checkouts | Full call number | Barcode | Date last seen | Price effective from | Koha item type |
|---|---|---|---|---|---|---|---|---|---|---|---|---|---|---|---|---|
| St Aloysius Library | St Aloysius Library | 02/17/2021 | Book World, Mangalore. | 600.00 | 321.80954 SARR | 057676 | 02/17/2021 | 02/17/2021 | Book |